[Event "4NCL Division 3s"]
[Site "Daventry Court ENG"]
[Date "2015.01.10"]
[Round "3.245"]
[White "Blake, J Morgan"]
[Black "Balouka-Myers, Gabriel"]
[Result "0-1"]
[WhiteElo "1707"]
[BlackElo "1565"]
[PlyCount "80"]
[EventDate "2015.01.10"]
[WhiteTeam "Sussex Martlets 2"]
[BlackTeam "Barnet Knights 2"]

1. e4 c6 2. d4 d5 3. Nc3 dxe4 4. Nxe4 Bf5 5. Ng3 Bg6 6. Nh3 Nf6 7. Nf4 Nd5 8.
Nxg6 hxg6 9. c4 Nf6 10. Be2 e6 11. Qb3 Qc7 12. Bf4 Qa5+ 13. Bd2 Qc7 14. Bf4
Qa5+ 15. Bd2 Qc7 16. Bf3 Bd6 17. O-O Nbd7 18. Rfe1 O-O-O 19. Qa4 Nb6 20. Qb3
Bxg3 21. hxg3 Rxd4 22. Be3 Rdd8 23. a4 Nbd7 24. a5 Ne5 25. a6 b6 26. Bf4 Rd3
27. Qc2 Nxf3+ 28. gxf3 Qd7 29. c5 e5 30. cxb6 exf4 31. bxa7 Kc7 32. Rac1 Rd2
33. Qc5 Rd5 34. Qe7 Qxe7 35. Rxe7+ Kd6 36. Rce1 Rdh5 37. gxf4 Rh1+ 38. Kg2
R1h2+ 39. Kg3 Nh5+ 40. Kg4 Rg2+ 0-1

[Event "4NCL Division 3s"]
[Site "Daventry Court ENG"]
[Date "2015.01.10"]
[Round "3.246"]
[White "Balouka-Myers, Reuben"]
[Black "Woods, Timothy J"]
[Result "1-0"]
[WhiteElo "1507"]
[BlackElo "1751"]
[PlyCount "29"]
[EventDate "2015.01.10"]
[WhiteTeam "Barnet Knights 2"]
[BlackTeam "Sussex Martlets 2"]

1. e4 d6 2. d4 Nf6 3. Nc3 g6 4. Be3 c6 5. Qd2 Nbd7 6. f3 b5 7. d5 Ne5 8. dxc6
Nc4 9. Bxc4 bxc4 10. Nd5 Bg7 11. c7 Qd7 12. Nxf6+ Bxf6 13. Qd5 Bxb2 14. Rb1
Bc3+ 15. Kd1 1-0

[Event "4NCL Division 3s"]
[Site "Daventry Court ENG"]
[Date "2015.01.10"]
[Round "3.248"]
[White "Lewis, Tim"]
[Black "Hinterreither, Nikolai"]
[Result "0-1"]
[WhiteElo "1478"]
[BlackElo "1658"]
[PlyCount "90"]
[EventDate "2015.01.10"]
[WhiteTeam "Barnet Knights 2"]
[BlackTeam "Sussex Martlets 2"]

1. e4 c5 2. Nc3 Nc6 3. Bb5 Nd4 4. Bc4 g6 5. f4 Bg7 6. Nf3 Nc6 7. O-O e6 8. d3
Nge7 9. Qe1 O-O 10. Qh4 d5 11. Bb5 a6 12. Bxc6 Nxc6 13. Qxd8 Rxd8 14. Na4 dxe4
15. dxe4 Nd4 16. Nxd4 Bxd4+ 17. Kh1 b5 18. Nb6 Rb8 19. Nxc8 Rbxc8 20. e5 c4 21.
Rb1 Bb6 22. Re1 Rd5 23. b3 c3 24. Be3 Bxe3 25. Rxe3 Rd2 26. Rc1 b4 27. Re4 Rcd8
28. h3 a5 29. a3 bxa3 30. Ra4 Rd1+ 31. Rxd1 Rxd1+ 32. Kh2 Rd2 33. Rxa3 Rxc2 34.
Rxa5 Rb2 35. Ra8+ Kg7 36. Rb8 Rb1 37. Rc8 Rxb3 38. Kg3 c2+ 39. Kf2 Rb2 40. Ke3
c1=Q+ 41. Rxc1 Rxg2 42. Kf3 Ra2 43. Kg4 Ra3 44. h4 h5+ 45. Kg5 Rg3# 0-1

[Event "4NCL Division 3s"]
[Site "Daventry Court ENG"]
[Date "2015.01.10"]
[Round "3.249"]
[White "Graham, Cassie M"]
[Black "Willmoth, Harrison"]
[Result "1-0"]
[WhiteElo "1643"]
[BlackElo "1562"]
[PlyCount "47"]
[EventDate "2015.01.10"]
[WhiteTeam "Sussex Martlets 2"]
[BlackTeam "Barnet Knights 2"]

1. e4 d6 2. d3 Nf6 3. Nd2 c6 4. Ngf3 Bg4 5. h3 Bxf3 6. Nxf3 e6 7. Be2 Be7 8.
O-O O-O 9. Be3 d5 10. e5 Nfd7 11. d4 c5 12. c3 Nc6 13. Bd3 c4 14. Bc2 a6 15.
Qb1 f5 16. exf6 Nxf6 17. Ng5 Qd7 18. Bxh7+ Kh8 19. Bg6 b5 20. Qe1 a5 21. f3
Rab8 22. Qh4+ Kg8 23. Bh7+ Kh8 24. Bf5+ 1-0

[Event "4NCL Division 3s"]
[Site "Daventry Court ENG"]
[Date "2015.01.10"]
[Round "3.255"]
[White "Bin-Suhayl, Ieysaa"]
[Black "Flynn, David"]
[Result "1-0"]
[WhiteElo "1827"]
[BlackElo "1876"]
[PlyCount "69"]
[EventDate "2015.01.10"]
[WhiteTeam "Broadland Harnsers [2]"]
[BlackTeam "e2e4.org.uk 4"]

1. d4 Nf6 2. c4 g6 3. Nc3 d5 4. Nf3 Bg7 5. Bg5 Ne4 6. cxd5 Nxg5 7. Nxg5 e6 8.
Qd2 exd5 9. Qe3+ Kf8 10. Qf4 Bf6 11. h4 h6 12. Nxd5 Bxg5 13. Qe5 f6 14. Qxc7
Qxd5 15. Qxc8+ Kg7 16. Qc7+ Nd7 17. hxg5 fxg5 18. Qc3 Rac8 19. Qd2 Nf6 20. e3
Ne4 21. Qb4 Rhf8 22. Be2 Nxf2 23. O-O a5 24. Qa3 Qf5 25. Bf3 Ne4 26. Qe7+ Rf7
27. Qxe4 Qxe4 28. Bxe4 Re7 29. Bd5 Rxe3 30. Rf7+ Kh8 31. Rxb7 Rd8 32. Rf1 Ree8
33. Bf7 Rf8 34. d5 Rd6 35. Be6 1-0

[Event "4NCL Division 3s"]
[Site "Daventry Court ENG"]
[Date "2015.01.10"]
[Round "3"]
[White "David, Ivan"]
[Black "Bin-Suhayl, Yousuf"]
[Result "1-0"]
[WhiteElo "1829"]
[BlackElo "1742"]
[PlyCount "39"]
[EventDate "2015.01.10"]
[WhiteTeam "e2e4.org.uk 4"]
[BlackTeam "Broadland Harnsers [2]"]

1. Nf3 Nf6 2. c4 c6 3. Nc3 d5 4. e3 g6 5. b3 Bg7 6. Bb2 O-O 7. d4 Ng4 8. h3 Nh6
9. Be2 Bf5 10. Qd2 Be4 11. Nxe4 dxe4 12. Ng5 e5 13. Nxe4 f5 14. Nc5 Qe7 15. Nd3
exd4 16. Bxd4 Bxd4 17. exd4 Qe4 18. Qxh6 Re8 19. Qd2 Qxg2 20. O-O-O 1-0

[Event "4NCL Division 3s"]
[Site "Daventry Court ENG"]
[Date "2015.01.10"]
[Round "3.1"]
[White "Badger, Paul E R"]
[Black "Levens, David G"]
[Result "1/2-1/2"]
[WhiteElo "1877"]
[BlackElo "1967"]
[PlyCount "165"]
[EventDate "2015.01.10"]
[WhiteTeam "Broadland Harnsers [2]"]
[BlackTeam "e2e4.org.uk 4"]

1. e4 c5 2. c3 d5 3. exd5 Qxd5 4. Nf3 Nc6 5. d4 Bg4 6. Be2 e6 7. Na3 Nf6 8. O-O
Be7 9. Be3 cxd4 10. Nb5 Qd7 11. Nbxd4 Nxd4 12. Bxd4 O-O 13. Qb3 Bd6 14. Rad1
Qc7 15. h3 Bh5 16. Rfe1 Bg6 17. Bc4 Rfd8 18. Bd3 Bxd3 19. Rxd3 Nd5 20. Rdd1 b6
21. Qc2 h6 22. Qe4 Nf4 23. Be5 Bxe5 24. Nxe5 Nd5 25. Qf3 Rac8 26. Ng4 Nf4 27.
Rxd8+ Rxd8 28. Rd1 Rxd1+ 29. Qxd1 Nd5 30. Qf3 Qf4 31. Qd1 h5 32. Nh2 g6 33. Nf3
Qc4 34. a3 Qe4 35. Qd2 Nf4 36. Qd8+ Kg7 37. Qd4+ Qxd4 38. Nxd4 Nd3 39. b4 Nb2
40. Nb5 a6 41. Nc7 a5 42. Na8 axb4 43. cxb4 Na4 44. Kf1 Kf6 45. Ke2 Ke5 46. Kd3
Kd6 47. b5 Kc5 48. Nc7 e5 49. f3 f5 50. g3 Nb2+ 51. Kc2 Nc4 52. a4 Kb4 53. Nd5+
Kxa4 54. Ne7 Kxb5 55. Nxg6 Kc5 56. Ne7 Nd6 57. Kc3 b5 58. g4 fxg4 59. fxg4 hxg4
60. hxg4 Ne4+ 61. Kb3 Nd2+ 62. Kc2 Nf3 63. Nf5 e4 64. Ng3 Ng5 65. Kc3 b4+ 66.
Kb3 e3 67. Ne2 Nf3 68. Ng3 Nd4+ 69. Kb2 Nf3 70. Ne2 Kc4 71. Nf4 Ng5 72. Ne2 Kd3
73. Nf4+ Ke4 74. Ne2 Kf3 75. Nd4+ Kxg4 76. Kb3 Ne6 77. Nc2 e2 78. Kxb4 Nd4 79.
Ne1 Kf4 80. Kc3 Ke3 81. Nd3 Nb5+ 82. Kc2 Nd4+ 83. Kc3 1/2-1/2

[Event "4NCL Division 3s"]
[Site "Daventry Court ENG"]
[Date "2015.01.10"]
[Round "3.2"]
[White "Booley, Graham M"]
[Black "Saravanan, Karthik"]
[Result "1-0"]
[WhiteElo "1810"]
[BlackElo "1502"]
[PlyCount "101"]
[EventDate "2015.01.10"]
[WhiteTeam "e2e4.org.uk 4"]
[BlackTeam "Broadland Harnsers [2]"]

1. e4 c5 2. Nc3 Nc6 3. g3 g6 4. Bg2 Bg7 5. d3 d6 6. Nge2 e6 7. O-O Nge7 8. Be3
O-O 9. Qd2 Nd4 10. Nd1 Nec6 11. c3 Nxe2+ 12. Qxe2 b5 13. f4 Qb6 14. f5 exf5 15.
exf5 Bxf5 16. Rxf5 gxf5 17. Qh5 Rae8 18. Qxf5 Ne7 19. Qg4 Ng6 20. h4 b4 21. h5
Ne5 22. Qf5 d5 23. Bxd5 Qf6 24. Qxf6 Bxf6 25. Bxc5 Nxd3 26. Bxf8 Re1+ 27. Kg2
Kxf8 28. cxb4 Nxb4 29. Bb3 Bxb2 30. Rb1 Bd4 31. Rc1 Re7 32. Rc4 Re2+ 33. Kh3
Bg1 34. Rxb4 f5 35. g4 Bc5 36. Rb8+ Kg7 37. g5 Bf8 38. Rb7+ Be7 39. Rxa7 h6 40.
g6 Kf6 41. Ra6+ Kg7 42. Re6 Rxe6 43. Bxe6 f4 44. Nc3 Bd6 45. Bd5 Kh8 46. Kg4
Bb4 47. Nb5 Bd2 48. Nd4 Be3 49. Nf5 Bc5 50. g7+ Kh7 51. g8=Q# 1-0

[Event "4NCL Division 3s"]
[Site "Daventry Court ENG"]
[Date "2015.01.10"]
[Round "3.4"]
[White "Winter, Kevin"]
[Black "Van der Veen, Ailko"]
[Result "1/2-1/2"]
[WhiteElo "1807"]
[BlackElo "1673"]
[PlyCount "89"]
[EventDate "2015.01.10"]
[WhiteTeam "e2e4.org.uk 4"]
[BlackTeam "Broadland Harnsers [2]"]

1. d4 d5 2. Nf3 Nf6 3. Bg5 Bf5 4. Nbd2 Nc6 5. c3 e6 6. e3 a6 7. Ne5 Bd6 8. Ndf3
Ne7 9. Be2 Ne4 10. Bh4 f6 11. Nd3 Ng6 12. Bg3 Nxg3 13. hxg3 Qe7 14. Nh4 Be4 15.
Nxg6 Bxg6 16. Qb3 c6 17. O-O e5 18. Rfe1 O-O 19. Rac1 Bxd3 20. Bxd3 e4 21. Be2
b5 22. a4 f5 23. Ra1 Qf7 24. Qc2 Ra7 25. b4 g5 26. axb5 cxb5 27. Qa2 f4 28.
exf4 gxf4 29. f3 e3 30. g4 Bb8 31. Bd3 h5 32. Bf5 Rd8 33. Qc2 Rd6 34. Kf1 hxg4
35. Bxg4 Qh7 36. Qxh7+ Kxh7 37. Ke2 Rc7 38. Bf5+ Kg7 39. Kd3 Rdc6 40. Ra3 Kf6
41. Bg4 Re7 42. Ke2 Rec7 43. Kd3 Re7 44. Ke2 Rec7 45. Kd3 1/2-1/2

[Event "4NCL Division 3s"]
[Site "Daventry Court ENG"]
[Date "2015.01.10"]
[Round "3.9"]
[White "McLaren, Charlie"]
[Black "Kourtseva, Julie"]
[Result "0-1"]
[WhiteElo "1687"]
[BlackElo "1760"]
[PlyCount "112"]
[EventDate "2015.01.10"]
[WhiteTeam "Witney Brown Jack"]
[BlackTeam "Midland Monarchs 2"]

1. d4 d5 2. c4 c6 3. cxd5 cxd5 4. Nc3 Nf6 5. h3 e6 6. Nf3 Nc6 7. Bf4 Bb4 8. e3
Ne4 9. Qc2 Qa5 10. Rc1 Qxa2 11. Bd3 Bxc3+ 12. bxc3 Qxc2 13. Rxc2 Ke7 14. Nd2
Nd6 15. e4 h6 16. O-O Rd8 17. Re1 Kf8 18. exd5 exd5 19. Nf3 Be6 20. Rb2 b6 21.
Ra1 Na5 22. Ne5 Rac8 23. Ra3 Bf5 24. Re2 Bxd3 25. Nxd3 Nb5 26. Ra1 Rxc3 27. Rd2
Nb3 28. Rb2 Nxa1 29. Rxb5 Rxd3 30. Be3 Nc2 31. Kh2 Nxe3 32. fxe3 Rxe3 33. Rb2
Rd3 34. Ra2 a5 35. Rb2 Rd6 36. Rc2 Ke7 37. Rc7+ Ke6 38. Rc1 Rxd4 39. Re1+ Re4
40. Rxe4+ dxe4 41. g4 e3 42. Kg3 Ke5 43. Kf3 Rd3 44. Ke2 Ke4 45. h4 Rd2+ 46.
Ke1 Kd3 47. g5 Rh2 48. Kf1 e2+ 49. Kg1 Rxh4 50. Kf2 Kd2 51. Kg3 hxg5 52. Kf3
e1=Q 53. Kg2 Qe4+ 54. Kg3 Qf4+ 55. Kg2 Rh2+ 56. Kg1 Qf2# 0-1

[Event "4NCL Division 3s"]
[Site "Daventry Court ENG"]
[Date "2015.01.10"]
[Round "3.10"]
[White "Jina, Asha"]
[Black "Asenov, Pavel"]
[Result "0-1"]
[WhiteElo "1545"]
[BlackElo "1932"]
[PlyCount "74"]
[EventDate "2015.01.10"]
[WhiteTeam "Midland Monarchs 2"]
[BlackTeam "Witney Brown Jack"]

1. Nf3 Nf6 2. g3 g6 3. Bg2 Bg7 4. d4 O-O 5. c4 d6 6. Nc3 Nc6 7. O-O a6 8. Qc2
Rb8 9. a3 Na5 10. Qa4 c5 11. dxc5 Bd7 12. Qc2 dxc5 13. Bf4 Rc8 14. Ne5 Bf5 15.
e4 Be6 16. Rad1 Qe8 17. Nd5 Nh5 18. Nd3 Nxf4 19. N3xf4 Bg4 20. f3 Bd7 21. Nb6
Rd8 22. Rd3 Nc6 23. Rfd1 Nd4 24. Qd2 Ba4 25. Nxa4 Qxa4 26. Kh1 Qxc4 27. Bf1 Qa4
28. Nd5 e6 29. Nc3 Qc6 30. Ne2 Nxf3 31. Qe3 Rxd3 32. Rxd3 Ne5 33. Rd2 Nc4 34.
Qd3 Nxd2 35. Qxd2 Qxe4+ 36. Bg2 Qb1+ 37. Ng1 Bd4 0-1

[Event "4NCL Division 3s"]
[Site "Daventry Court ENG"]
[Date "2015.01.10"]
[Round "3.11"]
[White "Holton, Jake"]
[Black "Pramod Paleri, Adithya P"]
[Result "1-0"]
[WhiteElo "1548"]
[BlackElo "1461"]
[PlyCount "73"]
[EventDate "2015.01.10"]
[WhiteTeam "Witney Brown Jack"]
[BlackTeam "Midland Monarchs 2"]

1. d4 Nf6 2. c4 g6 3. Nc3 d5 4. Nf3 Bg7 5. Qb3 dxc4 6. Qxc4 O-O 7. e4 Nc6 8.
Be2 Bg4 9. d5 Bxf3 10. gxf3 Ne5 11. Qb3 Rb8 12. Rg1 Re8 13. f4 Ned7 14. e5 Nh5
15. Bxh5 gxh5 16. Ne4 Kh8 17. Ng5 Rf8 18. Qc2 f5 19. Ne6 Qc8 20. Rxg7 Rg8 21.
Rxg8+ Qxg8 22. Qxf5 Qg1+ 23. Ke2 Qg4+ 24. Qxg4 hxg4 25. Nxc7 Rc8 26. d6 exd6
27. exd6 Nf6 28. Be3 Rd8 29. Rd1 Kg8 30. f5 b6 31. Bg5 Re8+ 32. Nxe8 Nxe8 33.
d7 Kf7 34. d8=Q Kf8 35. Qe7+ Kg8 36. Qxe8+ Kg7 37. Rd7# 1-0

[Event "4NCL Division 3s"]
[Site "Daventry Court ENG"]
[Date "2015.01.10"]
[Round "3.12"]
[White "Akeya-Price, Robert A"]
[Black "Gentry, Alan"]
[Result "0-1"]
[WhiteElo "1474"]
[BlackElo "1823"]
[PlyCount "136"]
[EventDate "2015.01.10"]
[WhiteTeam "Midland Monarchs 2"]
[BlackTeam "Witney Brown Jack"]

1. d4 Nf6 2. c4 e6 3. Nc3 Bb4 4. Bg5 h6 5. Bxf6 Qxf6 6. Nf3 b6 7. e3 Bb7 8. Be2
O-O 9. Qc2 d5 10. O-O Nd7 11. a3 Bxc3 12. Qxc3 c5 13. Rad1 Rac8 14. Nd2 Rfe8
15. f4 cxd4 16. Qxd4 Qxd4 17. exd4 Nf6 18. b4 dxc4 19. Nxc4 Red8 20. Ne5 Rc2
21. Bf3 Nd5 22. Be4 Rc3 23. Rd3 Rxd3 24. Nxd3 Ba6 25. Bxd5 Rxd5 26. Rf3 Rxd4
27. Ne5 Rd2 28. h3 Rd1+ 29. Kf2 Rd2+ 30. Kg1 Bb7 31. Rf2 Rd1+ 32. Rf1 Rxf1+ 33.
Kxf1 Kf8 34. g3 Ke7 35. Ke2 f6 36. Ng4 Kd6 37. Kd3 h5 38. Ne3 g6 39. Kd4 Bd5
40. Kd3 Kc6 41. Kc3 Kb5 42. Nc2 Ka4 43. Kb2 h4 44. gxh4 Bg2 45. Nd4 Bxh3 46.
Nf3 Bg4 47. Nh2 Bh5 48. Nf1 Kb5 49. Kb3 Kc6 50. Ne3 Kd6 51. Kc4 e5 52. fxe5+
Kxe5 53. Kd3 f5 54. Ng2 f4 55. Ne1 Kf5 56. Ng2 Bf3 57. Ne1 Be4+ 58. Ke2 Kg4 59.
Kf2 Kxh4 60. Nf3+ Bxf3 61. Kxf3 g5 62. Kg2 g4 63. Kh2 f3 64. Kg1 g3 65. Kf1 Kh3
66. Kg1 f2+ 67. Kf1 Kh2 68. Ke2 Kg2 0-1

[Event "4NCL Division 3s"]
[Site "Daventry Court ENG"]
[Date "2015.01.10"]
[Round "3.13"]
[White "McLaren, Thomas"]
[Black "Rahulan, Thivyaa"]
[Result "1-0"]
[WhiteElo "1462"]
[BlackElo "1381"]
[PlyCount "63"]
[EventDate "2015.01.10"]
[WhiteTeam "Witney Brown Jack"]
[BlackTeam "Midland Monarchs 2"]

1. c4 e6 2. g3 d5 3. b3 Nf6 4. Bb2 c5 5. Bg2 Nc6 6. Nf3 Bd6 7. cxd5 exd5 8. Na3
a6 9. O-O O-O 10. Nc2 h6 11. d4 Ne4 12. Ne3 Be6 13. Rc1 Qa5 14. a3 Qd8 15. dxc5
Bxc5 16. Nc2 Qb6 17. Ncd4 Bg4 18. e3 Ne5 19. Qc2 Rac8 20. Nxe5 Bxd4 21. Bxd4
Rxc2 22. Bxb6 Rfc8 23. Rxc2 Rxc2 24. Nxg4 Nd2 25. Rd1 Nxb3 26. Bxd5 Nd2 27. Bd4
Nc4 28. Bxc4 Rxc4 29. Rb1 f6 30. Rxb7 h5 31. Nxf6+ gxf6 32. Bxf6 1-0

[Event "4NCL Division 3s"]
[Site "Daventry Court ENG"]
[Date "2015.01.10"]
[Round "3.14"]
[White "Johnson, Elizabeth"]
[Black "Sheremetyeva, Elizaveta"]
[Result "0-1"]
[WhiteElo "1364"]
[BlackElo "1585"]
[PlyCount "50"]
[EventDate "2015.01.10"]
[WhiteTeam "Midland Monarchs 2"]
[BlackTeam "Witney Brown Jack"]

1. e4 c6 2. d4 d5 3. Nc3 dxe4 4. Nxe4 Nf6 5. Ng3 g6 6. Bc4 Bg7 7. N1e2 Nbd7 8.
Bf4 Nb6 9. Bb3 O-O 10. O-O Nfd5 11. Bxd5 Nxd5 12. Bd2 f5 13. c4 Nb6 14. Qb3 Be6
15. Rac1 Nxc4 16. Bc3 Bd5 17. Qxb7 f4 18. Nh1 a6 19. Qb4 f3 20. gxf3 Rxf3 21.
b3 Nd6 22. Rfd1 Qd7 23. Ba1 Qh3 24. Qe1 Rg3+ 25. Nexg3 Qg2# 0-1

[Event "4NCL Division 3s"]
[Site "Daventry Court ENG"]
[Date "2015.01.10"]
[Round "3.19"]
[White "Burrows, Nick"]
[Black "Gallagher, Daniel GH"]
[Result "1-0"]
[WhiteElo "1817"]
[BlackElo "1814"]
[PlyCount "59"]
[EventDate "2015.01.10"]
[WhiteTeam "Oxford 3"]
[BlackTeam "Check Us Out"]

1. Nf3 c5 2. c4 Nf6 3. Nc3 Nc6 4. g3 e6 5. Bg2 Be7 6. O-O O-O 7. d4 cxd4 8.
Nxd4 Qb6 9. Nc2 Rd8 10. e4 a6 11. b3 Qa5 12. Bb2 Rb8 13. Qe2 d6 14. f4 Qc5+ 15.
Qe3 d5 16. exd5 exd5 17. Nxd5 Nxd5 18. Bxd5 Rxd5 19. cxd5 Qxc2 20. dxc6 Qxb2
21. c7 Ra8 22. Qxe7 Qd4+ 23. Kg2 Be6 24. Rad1 Qe4+ 25. Kg1 Qe3+ 26. Rf2 h6 27.
Qd8+ Kh7 28. Qxa8 Bg4 29. c8=Q Bxd1 30. Qf5+ 1-0

[Event "4NCL Division 3s"]
[Site "Daventry Court ENG"]
[Date "2015.01.10"]
[Round "3.20"]
[White "Golding, James"]
[Black "Neatherway, A Philip"]
[Result "0-1"]
[WhiteElo "1748"]
[BlackElo "1866"]
[PlyCount "96"]
[EventDate "2015.01.10"]
[WhiteTeam "Check Us Out"]
[BlackTeam "Oxford 3"]

1. d4 f5 2. Bg5 g6 3. e3 Bg7 4. c4 d6 5. Nf3 Nf6 6. Nc3 c6 7. Be2 O-O 8. O-O
Qe8 9. c5 Nbd7 10. cxd6 exd6 11. b4 Ne4 12. Nxe4 fxe4 13. Nd2 d5 14. Qb3 Rf5
15. Bh4 Nf8 16. a4 Be6 17. b5 c5 18. Qb2 cxd4 19. exd4 h5 20. Bg3 Qe7 21. h3 h4
22. Bh2 Rf7 23. Rac1 Qg5 24. Kh1 Nh7 25. Nb3 Raf8 26. f3 Nf6 27. Nc5 Bf5 28.
Be5 Nh5 29. Bh2 Ng3+ 30. Bxg3 hxg3 31. fxe4 Bxh3 32. Rxf7 Rxf7 33. Bf3 Rxf3 34.
gxf3 Bxd4 35. Qxd4 Qxc1+ 36. Qg1 Qf4 37. Qd1 g2+ 38. Kg1 Qe3+ 39. Kh2 Qxc5 40.
exd5 g1=Q+ 41. Qxg1 Qxg1+ 42. Kxg1 Kf7 43. Kf2 Ke7 44. Ke3 Kd6 45. Ke4 Bf5+ 46.
Kd4 Bc2 47. a5 Bb3 48. a6 b6 0-1

[Event "4NCL Division 3s"]
[Site "Daventry Court ENG"]
[Date "2015.01.10"]
[Round "3.21"]
[White "Henbest, Kevin B"]
[Black "Remus-Elliott, Luke"]
[Result "0-1"]
[WhiteElo "1677"]
[BlackElo "1462"]
[PlyCount "74"]
[EventDate "2015.01.10"]
[WhiteTeam "Oxford 3"]
[BlackTeam "Check Us Out"]

1. e4 c5 2. Nf3 Nc6 3. d4 cxd4 4. Nxd4 g6 5. Nc3 Bg7 6. Be3 Nf6 7. Qd2 O-O 8.
O-O-O Ng4 9. Nxc6 bxc6 10. f3 Nxe3 11. Qxe3 Qb6 12. Qe1 Rb8 13. b3 Qb4 14. Na4
Bh6+ 15. Kb1 Qxa4 16. e5 Qa3 17. Rd4 c5 18. Rh4 Bg5 19. Rg4 Bh6 20. Bc4 d5 21.
Bxd5 Bxg4 22. fxg4 Bg7 23. h4 Qb4 24. c3 Qxg4 25. h5 Qf5+ 26. Be4 Qxe5 27. hxg6
Qxc3 28. Qxc3 Bxc3 29. gxh7+ Kh8 30. Kc2 Bb4 31. g4 Rbd8 32. Bd3 Rd4 33. g5 Rg4
34. Rh6 Rd8 35. g6 Rg2+ 36. Kc1 Bd2+ 37. Kb1 Bxh6 0-1

[Event "4NCL Division 3s"]
[Site "Daventry Court ENG"]
[Date "2015.01.11"]
[Round "4.55"]
[White "Stewart, Joseph"]
[Black "Compton, Alistair"]
[Result "1/2-1/2"]
[WhiteElo "2199"]
[BlackElo "2071"]
[PlyCount "156"]
[EventDate "2015.01.11"]
[WhiteTeam "West is Best 1"]
[BlackTeam "The Rookies"]

1. e4 e6 2. d4 d5 3. exd5 exd5 4. Bd3 Nf6 5. Nf3 c5 6. c3 c4 7. Bc2 Bd6 8. Bg5
O-O 9. O-O Nc6 10. Nbd2 h6 11. Bh4 Bg4 12. Re1 g5 13. Bg3 Bxg3 14. fxg3 Qd6 15.
h3 Be6 16. Ne5 Nxe5 17. dxe5 Qb6+ 18. Kh1 Nd7 19. Rb1 Rae8 20. Qh5 Kg7 21. Re2
Re7 22. Nf3 f5 23. exf6+ Rxf6 24. Nd4 Kf8 25. Bg6 Rg7 26. Rxe6 Rxe6 27. Nxe6+
Qxe6 28. Rf1+ Ke7 29. Bf5 Qf6 30. Qe2+ Qe5 31. Qf2 Kd8 32. Qxa7 Rf7 33. g4 Kc7
34. Rd1 Nb6 35. Qa5 Rf6 36. Qc5+ Kb8 37. Qf2 h5 38. Re1 Qd6 39. gxh5 d4 40.
Re8+ Ka7 41. cxd4 Nd5 42. Re5 Nf4 43. d5+ b6 44. Qd4 Nxh5 45. Qe3 Rxf5 46. Rxf5
Ng3+ 47. Kg1 Nxf5 48. Qxg5 Qxd5 49. Qf6 Qe4 50. Qd8 Qe1+ 51. Kh2 Qg3+ 52. Kg1
Qe3+ 53. Kh2 Qd3 54. Qc7+ Ka6 55. Qc8+ Kb5 56. Qe8+ Kc5 57. Qc8+ Kb4 58. Qf8+
Qd6+ 59. Qxd6+ Nxd6 60. g4 Kc5 61. g5 Kd5 62. Kg3 Ke5 63. Kf3 Nf5 64. Ke2 Nd4+
65. Kd2 Nf3+ 66. Kc3 Nxg5 67. Kxc4 Nxh3 68. Kb5 Kd5 69. Kxb6 Nf4 70. a4 Nd3 71.
b3 Nb4 72. Kb5 Nc6 73. a5 Kd6 74. Kb6 Kd7 75. a6 Kd6 76. b4 Nxb4 77. a7 Nd5+
78. Kb7 Nc7 1/2-1/2

[Event "4NCL Division 3s"]
[Site "Daventry Court ENG"]
[Date "2015.01.11"]
[Round "4.56"]
[White "Jones, Christopher M"]
[Black "Edgell, Ben"]
[Result "0-1"]
[WhiteElo "2078"]
[BlackElo "2116"]
[PlyCount "94"]
[EventDate "2015.01.11"]
[WhiteTeam "The Rookies"]
[BlackTeam "West is Best 1"]

1. e4 e5 2. Nf3 Nc6 3. Nc3 Nf6 4. d4 exd4 5. Nxd4 Bb4 6. Nxc6 bxc6 7. Bd3 O-O
8. O-O d5 9. exd5 cxd5 10. Re1 Bg4 11. Be2 Bxe2 12. Rxe2 c6 13. Bf4 Bxc3 14.
bxc3 Ne4 15. Qd4 Qb6 16. Ree1 Rfe8 17. Rab1 Qxd4 18. cxd4 Nc3 19. Rxe8+ Rxe8
20. Rb8 Rxb8 21. Bxb8 a5 22. a4 Nxa4 23. Bc7 Nc3 24. Bxa5 Ne2+ 25. Kf1 Nxd4 26.
c3 Ne6 27. Ke2 Kf8 28. Kd3 Ke7 29. c4 Kd6 30. cxd5 Kxd5 31. g3 f5 32. f3 c5 33.
g4 c4+ 34. Kc3 Nd4 35. gxf5 Nxf3 36. Bb6 Nh4 37. f6 gxf6 38. Bd8 Nf3 39. Bxf6
Nxh2 40. Kd2 Ng4 41. Bb2 h5 42. Ke2 Ke4 43. Kf1 Kf3 44. Kg1 h4 45. Kh1 h3 46.
Bc3 Ke3 47. Be1 Nf2+ 0-1

[Event "4NCL Division 3s"]
[Site "Daventry Court ENG"]
[Date "2015.01.11"]
[Round "4.57"]
[White "Littlejohns, David"]
[Black "Piper, Stephen J"]
[Result "0-1"]
[WhiteElo "2002"]
[BlackElo "2028"]
[PlyCount "118"]
[EventDate "2015.01.11"]
[WhiteTeam "West is Best 1"]
[BlackTeam "The Rookies"]

1. e4 c5 2. Nc3 Nc6 3. g3 g6 4. Bg2 Bg7 5. d3 d6 6. f4 e6 7. Nf3 Nge7 8. O-O
O-O 9. Be3 Nd4 10. Qd2 Rb8 11. Nd1 b6 12. c3 Nxf3+ 13. Bxf3 d5 14. e5 Ba6 15.
Bf2 Qd7 16. Re1 Rfc8 17. Kg2 b5 18. d4 cxd4 19. Bxd4 Nc6 20. Ne3 b4 21. Nc2 Bf8
22. Be2 Bxe2 23. Rxe2 Qb7 24. cxb4 Nxd4 25. Qxd4 Rc4 26. Qd3 Bxb4 27. Nxb4 Qxb4
28. Rd1 Rbc8 29. Rdd2 Qa5 30. a3 Qc7 31. Kf2 Kf8 32. Kg2 Qc6 33. Qf3 Rc1 34.
Rd3 Qb6 35. Qf2 Qc7 36. Red2 a6 37. Rd1 Rc2 38. R1d2 Rc4 39. Rd4 Rc6 40. R4d3
Qb7 41. Kh3 Rb6 42. b4 Rbc6 43. Rb3 Qb5 44. Qf3 Rc4 45. Rdd3 Qc6 46. Qe3 Rc2
47. Rd2 Rc1 48. Rbd3 Qa4 49. Qb6 R1c6 50. Qe3 Qb5 51. Rd1 Rc2 52. R1d2 R2c4 53.
Rd4 Rc1 54. Rd1 R1c2 55. R4d2 R8c3 56. Rd3 Qc4 57. Rxc3 Rxc3 58. Qb6 Qxf4 59.
Rd3 Qf5+ 0-1

[Event "4NCL Division 3s"]
[Site "Daventry Court ENG"]
[Date "2015.01.11"]
[Round "4.58"]
[White "Gibson, Christopher A"]
[Black "Villiers, Thomas"]
[Result "0-1"]
[WhiteElo "1995"]
[BlackElo "2080"]
[PlyCount "102"]
[EventDate "2015.01.11"]
[WhiteTeam "The Rookies"]
[BlackTeam "West is Best 1"]

1. e4 Nf6 2. e5 Nd5 3. d4 d6 4. Nf3 dxe5 5. Nxe5 g6 6. Bc4 Be6 7. Bb3 c6 8. O-O
Bg7 9. Re1 O-O 10. Nd2 Nd7 11. Nef3 N7b6 12. h3 Nc7 13. Ne4 Bxb3 14. axb3 Ne6
15. c3 Qc7 16. Bd2 Rfd8 17. Qc1 Nd5 18. g3 b6 19. Bh6 Bh8 20. Qc2 c5 21. dxc5
Nxc5 22. Nxc5 Qxc5 23. Qe4 e6 24. Ng5 Qe7 25. h4 Rac8 26. Qf3 Nf6 27. Ne4 Nxe4
28. Rxe4 Rd5 29. Rea4 a5 30. b4 axb4 31. Rxb4 b5 32. Re4 Qb7 33. Qe3 Rcd8 34.
Ra7 Rd1+ 35. Kh2 Qc6 36. Qf3 f5 37. Re3 Qxf3 38. Rxf3 e5 39. Rb7 e4 40. Re3 Rb1
41. Re2 Rdd1 42. Rb8+ Kf7 43. Rb7+ Ke6 44. Rb6+ Kd5 45. Rd2+ Rxd2 46. Bxd2 Rxb2
47. Be3 Bxc3 48. Rb7 b4 49. Rxh7 b3 50. Rd7+ Kc6 51. Rd8 Rc2 0-1

[Event "4NCL Division 3s"]
[Site "Daventry Court ENG"]
[Date "2015.01.11"]
[Round "4.59"]
[White "Bullen, Alex"]
[Black "Jaszkiwskyj, Peter"]
[Result "0-1"]
[WhiteElo "2038"]
[BlackElo "1933"]
[PlyCount "72"]
[EventDate "2015.01.11"]
[WhiteTeam "West is Best 1"]
[BlackTeam "The Rookies"]

1. e4 e6 2. Nf3 d5 3. Nc3 Nf6 4. e5 Nfd7 5. d4 c5 6. dxc5 Bxc5 7. Bd3 Nc6 8.
Bf4 f6 9. exf6 Nxf6 10. Qe2 O-O 11. O-O-O a6 12. h4 b5 13. Ne5 Bd6 14. Kb1 Qc7
15. Nxc6 Bxf4 16. Nb4 Qc5 17. a3 Bd7 18. g4 a5 19. g5 axb4 20. gxf6 Rxf6 21.
Ne4 dxe4 22. Qxe4 Bc6 23. Qxh7+ Kf7 24. Rhg1 Bh6 25. Bg6+ Ke7 26. Rg5 Qxf2 27.
Rh5 Bf3 28. Rxh6 Bxd1 29. Qxg7+ Kd6 30. Rh7 Bxc2+ 31. Bxc2 Qf1+ 32. Ka2 Qc4+
33. Ka1 Rxa3+ 34. bxa3 Qc3+ 35. Kb1 Rf1+ 36. Ka2 Qxa3# 0-1